Fundamentals of analytical chemistry / (Record no. 2518)

MARC details
000 -LEADER
fixed length control field 00536nam a22001697a 4500
005 - DATE AND TIME OF LATEST TRANSACTION
control field 20260218104252.0
008 - FIXED-LENGTH DATA ELEMENTS--GENERAL INFORMATION
fixed length control field 260218b |||||||| |||| 00| 0 eng d
020 ## - INTERNATIONAL STANDARD BOOK NUMBER
International Standard Book Number 978-621-8179-32-1
082 ## - DEWEY DECIMAL CLASSIFICATION NUMBER
Classification number Fil. 543 V424 2022
100 ## - MAIN ENTRY--PERSONAL NAME
Personal name Velasquez, Joseph A.
9 (RLIN) 263
245 ## - TITLE STATEMENT
Title Fundamentals of analytical chemistry /
Statement of responsibility, etc. Joseph A. Velasquez
260 ## - PUBLICATION, DISTRIBUTION, ETC.
Place of publication, distribution, etc. Manila:
Name of publisher, distributor, etc. EDRIC Publishing House,
Date of publication, distribution, etc. c2022
300 ## - PHYSICAL DESCRIPTION
Extent 74p.:
Other physical details ill.
504 ## - BIBLIOGRAPHY, ETC. NOTE
Bibliography, etc. note Includes bibliographical references
541 ## - IMMEDIATE SOURCE OF ACQUISITION NOTE
Accession number 7912 c.1, 7913 c.2
650 ## - SUBJECT ADDED ENTRY--TOPICAL TERM
Topical term or geographic name entry element Analytical chemistry
9 (RLIN) 264
Holdings
Withdrawn status Lost status Source of classification or shelving scheme Damaged status Not for loan Home library Current library Date acquired Total Checkouts Full call number Barcode Date last seen Copy number Price effective from Koha item type
    Dewey Decimal Classification     ctu-moalboal ctu-moalboal 06/20/2024   Fil. 543 V434 2022 7912 02/18/2026 1 02/18/2026 Books-Filipiniana
    Dewey Decimal Classification     ctu-moalboal ctu-moalboal 06/20/2024   Fil. 543 V434 2022 7913 02/18/2026 2 02/18/2026 Books-Filipiniana